[Event "ch-NED Junior 2017"]
[Site "Assen NED"]
[Date "2017.04.26"]
[Round "5.7"]
[White "Van Baar,Esper"]
[Black "Van Hoorn,Geert"]
[Result "0-1"]
[WhiteElo "2136"]
[BlackElo "1952"]

1.e4 c5 2.Nf3 d6 3.d4 cxd4 4.Nxd4 Nf6 5.Nc3 g6 6.Be3 Bg7 7.f3 O-O 8.Qd2 Nc6
9.O-O-O Nxd4 10.Bxd4 Be6 11.Kb1 a6 12.h4 b5 13.h5 b4 14.Nd5 Bxd5 15.exd5 Qa5
16.hxg6 fxg6 17.Bc4 Rac8 18.Qe2 Rc7 19.g4 Rf7 20.Bb3 Qb5 21.Qxb5 axb5 22.Rhe1
Nd7 23.Bxg7 Kxg7 24.Re4 Ne5 25.Rxb4 Rxf3 26.Rxb5 Nxg4 27.a4 h5 28.a5 Ne5 29.a6
Rf8 30.Rd4 g5 31.c4 g4 32.Bc2 Nf3 33.Rd1 g3 34.Rb7 Rxb7 35.axb7 g2 36.b4 Nd2+
37.Ka2 Nf1 38.Bd3 g1=Q 39.Rxf1 Qa7+ 40.Kb3 Rxf1 {#R} 0-1

[Event "ch-NED Junior 2017"]
[Site "Assen NED"]
[Date "2017.04.26"]
[Round "6.5"]
[White "Vrolijk,Liam"]
[Black "Den Hartog,Marijn"]
[Result "0-1"]
[WhiteElo "2378"]
[BlackElo "2227"]

1.d4 Nf6 2.c4 g6 3.Nc3 Bg7 4.e4 d6 5.Be2 O-O 6.Be3 e5 7.d5 a5 8.g4 c6 9.h4
cxd5 10.cxd5 Na6 11.h5 Nd7 12.f3 Ndc5 13.Qd2 Bd7 14.Nh3 a4 15.hxg6 fxg6 16.Ng5
h6 17.Nh7 Rf4 18.Bxf4 exf4 19.Qxf4 Kxh7 20.Kf2 Qf8 21.Qe3 a3 22.Kg2 axb2
23.Rab1 Qf6 24.Nd1 g5 25.Nxb2 Nb4 26.Qd2 Nxa2 27.Bd3 Kg8 28.Nc4 Nc3 29.Ra1 Rf8
30.Raf1 Qd4 {#R} 0-1

[Event "ch-NED Junior 2017"]
[Site "Assen NED"]
[Date "2017.04.26"]
[Round "6.8"]
[White "Hofstra,Tijmen"]
[Black "Van Baar,Esper"]
[Result "0-1"]
[WhiteElo "1558"]
[BlackElo "2136"]

1.g3 Nf6 2.Bg2 g6 3.Nf3 Bg7 4.O-O O-O 5.c4 d6 6.Nc3 Nbd7 7.d4 c5 8.d5 a6 9.e4
b5 10.Qd3 Qb6 11.Re1 bxc4 12.Qxc4 Ng4 13.b3 Qb4 14.Bd2 Qxc4 15.bxc4 Nge5
16.Rac1 Nd3 17.Bg5 Nxe1 18.Nxe1 Re8 19.Bh3 h6 20.Bd2 Ne5 21.Bf1 Rb8 22.f4 Nd7
23.Kf2 Nb6 24.a4 Bxc3 25.Rxc3 Nxa4 26.Ra3 Bd7 27.e5 Rb2 28.Ke3 Reb8 29.Nd3
R2b3 30.Rxb3 Rxb3 31.h3 {#R} 0-1

[Event "ch-RUS Junior Girls 2017"]
[Site "Loo RUS"]
[Date "2017.04.26"]
[Round "7.2"]
[White "Dimitrova,Aleksandra"]
[Black "Obolentseva,Alexandra"]
[Result "0-1"]
[WhiteElo "2246"]
[BlackElo "2346"]

1.e4 c5 2.Nf3 d6 3.Bb5+ Nd7 4.d4 cxd4 5.Qxd4 Nf6 6.Nc3 g6 7.Bg5 Bg7 8.O-O O-O
9.Qd2 a6 10.Bd3 b5 11.Rfe1 Bb7 12.a4 b4 13.Nd5 Nxd5 14.exd5 Re8 15.Qxb4 Bxd5
16.Rad1 Bxf3 17.gxf3 Ne5 18.Qe4 d5 19.Qe2 Qd7 20.f4 Nxd3 21.Rxd3 h6 22.Bh4
Qxa4 23.Rxd5 Bxb2 24.c4 Bf6 25.Bg3 e6 26.Rdd1 Bc3 27.Rf1 Rac8 28.Rc1 Qxc4
29.Qf3 Qb4 30.f5 exf5 31.Bd6 Qxd6 32.Rxc3 Rxc3 33.Qxc3 Qe5 34.Qc6 Qe4 35.Qc3
f4 {#R} 0-1

[Event "ch-RUS Junior Girls 2017"]
[Site "Loo RUS"]
[Date "2017.04.26"]
[Round "7.3"]
[White "Shuvalova,Polina"]
[Black "Dordzhieva,D"]
[Result "1-0"]
[WhiteElo "2376"]
[BlackElo "2277"]

1.d4 Nf6 2.c4 e6 3.g3 d5 4.Nf3 dxc4 5.Bg2 a6 6.Ne5 Bb4+ 7.Nc3 Nd5 8.Bd2 Nb6
9.e3 N8d7 10.Nxd7 Qxd7 11.Ne4 Bxd2+ 12.Nxd2 O-O 13.Qc2 e5 14.dxe5 Rd8 15.Be4
g6 16.h4 Qe7 17.f4 h5 18.Kf2 c6 19.Rhd1 Bg4 20.Nf3 Kg7 21.Qc3 Kg8 22.Rd4 a5
23.Rad1 Na4 24.Qc2 Bxf3 25.Bxf3 Rxd4 26.Rxd4 Qb4 27.Rxc4 Qxb2 28.Qxb2 Nxb2
29.Rd4 a4 30.a3 Ra5 31.Be2 Rd5 32.Ke1 Rc5 33.Kd2 b5 34.Rb4 Nc4+ 35.Bxc4 bxc4
36.e4 Ra5 37.Rxc4 c5 38.Kd3 Kf8 39.Rc3 Ke7 40.Kc4 Kd7 41.Rd3+ {#r} 1-0

[Event "ch-RUS Junior Girls 2017"]
[Site "Loo RUS"]
[Date "2017.04.26"]
[Round "7.4"]
[White "Rodionova,Daria"]
[Black "Styazhkina,A"]
[Result "0-1"]
[WhiteElo "2164"]
[BlackElo "2222"]

1.e4 e5 2.Nf3 Nc6 3.Bb5 a6 4.Ba4 Nf6 5.O-O Bc5 6.c3 b5 7.Bb3 d6 8.d4 Bb6 9.a4
Rb8 10.Na3 O-O 11.axb5 axb5 12.Nxb5 Bg4 13.Bc2 exd4 14.Nbxd4 Nxd4 15.cxd4 Bxf3
16.gxf3 Nh5 17.f4 Qh4 18.Ra3 c5 19.d5 c4 20.Rf3 Rfe8 21.Kg2 h6 22.Bb1 Bc5
23.f5 Rb4 24.h3 Reb8 25.Bc2 Ra8 26.Qd2 Ra1 27.Rg1 Qf6 28.Kh1 Rb8 29.Qc3 Qxc3
30.bxc3 Ra2 31.Bd1 Rb1 32.Bxh6 Rxf2 33.Be3 Bxe3 34.Rxe3 Rbb2 35.Rg4 Nf4 36.Bf3
Rh2+ 37.Kg1 Nxh3+ {#R} 0-1

[Event "ch-RUS Junior Girls 2017"]
[Site "Loo RUS"]
[Date "2017.04.26"]
[Round "7.5"]
[White "Khokhlova,Daria"]
[Black "Maltsevskaya,Aleksandra"]
[Result "1-0"]
[WhiteElo "2175"]
[BlackElo "2238"]

1.d4 Nf6 2.c4 c5 3.d5 b5 4.cxb5 a6 5.bxa6 g6 6.Nc3 Bg7 7.g3 Bxa6 8.Bg2 d6
9.Nf3 Nbd7 10.Rb1 Qa5 11.Bd2 O-O 12.O-O Bb7 13.Ne1 Qa7 14.Nc2 Nb6 15.Ne3 Nfd7
16.b3 Ba6 17.a4 Rfb8 18.Re1 Ne5 19.h3 f5 20.Nc2 Bc8 21.Nb5 Qd7 22.f4 Nf7
23.Bc3 Bf6 24.Nca3 Ba6 25.Bxf6 exf6 26.Nc3 c4 27.a5 Nc8 28.b4 Na7 29.Qd4 Rb7
30.Nxc4 Bxc4 31.Qxc4 Rc8 32.Qd4 Nb5 33.Nxb5 Qxb5 34.e3 Qa4 35.Bf1 Rcb8 36.a6
Rxb4 37.a7 {#r} 1-0

[Event "Zonal 2.4 2017"]
[Site "Florianopolis BRA"]
[Date "2017.04.26"]
[Round "1.1"]
[White "Menegotto,Giovanni Arnaldo Gazzola"]
[Black "Cori,J"]
[Result "0-1"]
[WhiteElo "2085"]
[BlackElo "2611"]

1.e4 c5 2.Nf3 Nc6 3.d4 cxd4 4.Nxd4 e5 5.Nb5 d6 6.c4 Nf6 7.N1c3 a6 8.Na3 Be6
9.Bd3 Be7 10.O-O O-O 11.Nc2 Rc8 12.f3 Na5 13.Nd5 Nxc4 14.Nxe7+ Qxe7 15.b3 Na5
16.Bg5 h6 17.Bh4 g5 18.Bf2 Nc6 19.Re1 d5 20.Ne3 d4 21.Nf5 Bxf5 22.exf5 Nd5
23.Qd2 Qb4 24.Qd1 Qd6 25.a3 Nce7 26.h4 f6 27.hxg5 hxg5 28.g3 Qd7 29.f4 exf4
30.Bc4 Nxf5 31.Qf3 Rcd8 32.gxf4 b5 33.Bf1 Nxf4 34.a4 d3 35.axb5 Nd4 36.Qe4
Qg4+ 37.Kh1 Nf3 {#R} 0-1

[Event "Zonal 2.4 2017"]
[Site "Florianopolis BRA"]
[Date "2017.04.26"]
[Round "1.2"]
[White "Cruz,Cr"]
[Black "Okamura,M"]
[Result "1-0"]
[WhiteElo "2557"]
[BlackElo "2072"]

1.d4 d5 2.c4 c6 3.Nf3 Nf6 4.Qb3 e6 5.Bg5 Qa5+ 6.Bd2 Qb6 7.c5 Qc7 8.Nc3 Nbd7
9.Bg5 Be7 10.e3 e5 11.Be2 O-O 12.Qc2 exd4 13.exd4 b6 14.cxb6 axb6 15.O-O Bb7
16.Rac1 Qb8 17.a3 Re8 18.Bd3 h6 19.Bh4 Nh5 20.Bh7+ Kf8 21.Bf5 Bxh4 22.Bxd7 Re7
23.Bxc6 Bxf2+ 24.Qxf2 Bxc6 25.Ne5 {#r} 1-0

[Event "Zonal 2.4 2017"]
[Site "Florianopolis BRA"]
[Date "2017.04.26"]
[Round "1.3"]
[White "Sekula,Markley Ribas"]
[Black "Mekhitarian,K"]
[Result "0-1"]
[WhiteElo "2065"]
[BlackElo "2544"]

1.e4 e5 2.Nf3 Nc6 3.c3 d5 4.Qa4 Bd7 5.exd5 Nd4 6.Qd1 Nxf3+ 7.Qxf3 Bd6 8.Bc4 f5
9.d3 Nf6 10.Bb3 O-O 11.c4 e4 12.dxe4 fxe4 13.Qe2 Ng4 14.Be3 Bf4 15.Bxf4 Rxf4
16.O-O Qh4 17.h3 Raf8 18.Nd2 Nxf2 19.Qe3 Nxh3+ 20.gxh3 Bxh3 21.Rxf4 Rxf4
22.Nf1 Rg4+ {#R} 0-1

[Event "Zonal 2.4 2017"]
[Site "Florianopolis BRA"]
[Date "2017.04.26"]
[Round "1.5"]
[White "Hiramine,Rodrigo Yoshio Ferreir"]
[Black "El Debs,F"]
[Result "0-1"]
[WhiteElo "2045"]
[BlackElo "2530"]

1.e4 c5 2.Nf3 g6 3.Nc3 Bg7 4.d4 cxd4 5.Nxd4 Nc6 6.Be3 Nf6 7.Bc4 O-O 8.Bb3 Re8
9.Nxc6 dxc6 10.Qxd8 Rxd8 11.f3 b6 12.Bc4 Ne8 13.Bg5 Kf8 14.Rd1 Nd6 15.O-O b5
16.Be2 Be6 17.Be3 Bc4 18.Bd4 Bh6 19.b3 Be6 20.a4 bxa4 21.Nxa4 Nxe4 22.Bxa7 Nd2
23.Bb6 Rdb8 24.Rfe1 Rxa4 25.bxa4 Rxb6 26.a5 Rb8 27.h4 Be3+ 28.Kh2 Bf2 29.Rh1
Nc4 30.a6 Ke8 31.g3 Rb2 32.Bd3 Ne5 33.Rb1 Nxd3 34.cxd3 Bg1+ 35.Kxg1 Rxb1+
36.Kh2 Rb2+ {#R} 0-1

[Event "Zonal 2.4 2017"]
[Site "Florianopolis BRA"]
[Date "2017.04.26"]
[Round "1.6"]
[White "Di Berardino,D"]
[Black "Pereira,Geanfrancesco"]
[Result "1-0"]
[WhiteElo "2494"]
[BlackElo "2036"]

1.d4 Nf6 2.c4 e6 3.Nf3 d5 4.Nc3 c6 5.e3 Bb4 6.Bd3 Nbd7 7.O-O O-O 8.Bd2 Qe7
9.Qc2 dxc4 10.Bxc4 e5 11.Bb3 h6 12.Nh4 Nb6 13.Ng6 Qc7 14.Nb5 Bf5 15.Qxf5 cxb5
16.Bxb4 Nbd5 17.Bxd5 Nxd5 18.Nxf8 {#r} 1-0

[Event "Zonal 2.4 2017"]
[Site "Florianopolis BRA"]
[Date "2017.04.26"]
[Round "1.7"]
[White "Goncalves,J1"]
[Black "Quintiliano Pinto,R"]
[Result "0-1"]
[WhiteElo "2006"]
[BlackElo "2494"]

1.d4 Nf6 2.Bf4 g6 3.Nd2 d5 4.e3 Bg7 5.Ngf3 O-O 6.Bd3 c5 7.c3 Nc6 8.h3 Nd7
9.O-O e5 10.dxe5 Ndxe5 11.Nxe5 Nxe5 12.Be2 Be6 13.Nf3 Nc6 14.Qc2 h6 15.Rad1
Qe7 16.Rfe1 Rfd8 17.Bg3 a6 18.Rd2 Rac8 19.Nh2 d4 20.exd4 cxd4 21.Bc4 dxc3
22.bxc3 Rxd2 23.Qxd2 Qd8 24.Qxd8+ Nxd8 25.Bxe6 Nxe6 26.Rb1 b5 27.a4 bxa4
28.Rb4 Nc5 29.Bd6 a3 30.Bxc5 Rxc5 31.Ra4 Rxc3 32.Nf1 Bf8 33.Rxa6 Rc1 34.g3 Bc5
{#R} 0-1

[Event "Zonal 2.4 2017"]
[Site "Florianopolis BRA"]
[Date "2017.04.26"]
[Round "1.8"]
[White "Matsuura,E"]
[Black "Cunha,Adriano de Jesus Silva"]
[Result "1-0"]
[WhiteElo "2481"]
[BlackElo "1995"]

1.e4 c6 2.d4 d5 3.exd5 cxd5 4.c4 Nf6 5.Nc3 e6 6.Nf3 Be7 7.cxd5 Nxd5 8.Bd3 Nc6
9.O-O O-O 10.Re1 Nf6 11.a3 a6 12.Bc2 Re8 13.Qd3 b6 14.d5 exd5 15.Bg5 g6
16.Rxe7 Nxe7 17.Bxf6 Qd6 18.Be5 Qd8 19.Bb3 Bf5 20.Qd2 Nc6 21.Bg3 d4 22.Nd5 Re4
23.Qh6 {#r} 1-0

[Event "Zonal 2.4 2017"]
[Site "Florianopolis BRA"]
[Date "2017.04.26"]
[Round "1.10"]
[White "Santiago,Y"]
[Black "Cella,G"]
[Result "1-0"]
[WhiteElo "2453"]
[BlackElo "1988"]

1.d4 Nf6 2.c4 e5 3.dxe5 Ng4 4.Bf4 g5 5.Bg3 Bg7 6.h4 Nxe5 7.hxg5 Nxc4 8.Nc3 c6
9.Qc2 Qa5 10.Qe4+ Ne5 11.O-O-O d5 12.Qe3 d4 13.Rxd4 Be6 14.Ra4 Qc7 15.Nf3 Nbd7
16.Re4 Bf5 17.Nxe5 Bxe4 18.Nxf7 Be5 19.Nxe5 {#r} 1-0

[Event "Zonal 2.4 2017"]
[Site "Florianopolis BRA"]
[Date "2017.04.26"]
[Round "1.11"]
[White "Bassani,Jaison Jose"]
[Black "Proudian,Armen"]
[Result "0-1"]
[WhiteElo "1969"]
[BlackElo "2437"]

1.e4 e5 2.Nc3 Nc6 3.f4 exf4 4.Nf3 g5 5.h4 g4 6.Ng5 h6 7.Nxf7 Kxf7 8.d4 d6
9.Bc4+ Kg7 10.Bxf4 Be7 11.O-O Bxh4 12.e5 dxe5 13.Bg5 hxg5 14.Rf7+ Kh6 15.d5
Nd4 16.Qf1 Bf5 17.Rxf5 Nxf5 18.Qxf5 Qf6 19.Qxg4 Qf2+ 20.Kh1 Bg3 {#R} 0-1

[Event "Zonal 2.4 2017"]
[Site "Florianopolis BRA"]
[Date "2017.04.26"]
[Round "1.13"]
[White "Nascimento,Pedro Henrique Alves"]
[Black "Coelho,L"]
[Result "1-0"]
[WhiteElo "1967"]
[BlackElo "2406"]

1.d4 d5 2.c4 c6 3.cxd5 cxd5 4.Nc3 Nf6 5.Bf4 Nc6 6.e3 a6 7.Bd3 Bg4 8.f3 Bh5
9.Nge2 e6 10.Rc1 Be7 11.O-O Rc8 12.Bg3 Bg6 13.Nf4 O-O 14.Nxg6 hxg6 15.Qe2 Nd7
16.Rfd1 Nb6 17.Kh1 Nb4 18.Bb1 Qd7 19.a3 Nc6 20.Bf2 Nc4 21.e4 b5 22.Ba2 Rc7
23.Bg3 Rb7 24.Bxc4 bxc4 25.b4 Na7 26.Rb1 Ra8 27.Ra1 a5 28.bxa5 Nc6 29.a4 Nxa5
30.exd5 exd5 31.f4 Nb3 32.Rab1 Bb4 33.Qf3 Bxc3 34.Qxc3 Rxa4 35.Re1 Qf5 36.Re8+
Kh7 37.Rbe1 Qd3 38.Qb2 Qxd4 39.Qe2 f5 40.Qe6 {#r} 1-0

[Event "Zonal 2.4 2017"]
[Site "Florianopolis BRA"]
[Date "2017.04.26"]
[Round "1.15"]
[White "Zimmermann,Kleber Renato P."]
[Black "Pereira,Si"]
[Result "0-1"]
[WhiteElo "1961"]
[BlackElo "2269"]

1.d4 Nf6 2.c4 g6 3.Nc3 Bg7 4.e4 d6 5.f3 e5 6.d5 O-O 7.Bg5 h6 8.Be3 Nh5 9.Qd2
Qh4+ 10.g3 Nxg3 11.Qf2 Nxf1 12.Qxh4 Nxe3 13.Qf2 Nxc4 14.O-O-O h5 15.Qe2 Nb6
16.h4 c6 17.Nh3 cxd5 18.Nxd5 Nxd5 19.Rxd5 Be6 20.Ng5 Bh6 21.Kb1 Bxg5 22.hxg5
Bxd5 23.exd5 Nd7 24.Rc1 Rac8 25.Qb5 Nb6 26.b3 Kg7 27.Qa5 Rxc1+ 28.Kxc1 h4
29.Qb4 h3 30.Qxd6 Re8 31.Qb4 h2 32.Qe1 Nxd5 33.Qh1 Rh8 34.Kd2 Ne7 35.Ke2 Nf5
36.Kf2 Rh3 37.Kg2 Ng3 38.Kxh3 Nxh1 39.Kxh2 Nf2 40.Kg2 Nd3 41.Kf1 Nc1 {#R} 0-1

[Event "Zonal 2.4 2017"]
[Site "Florianopolis BRA"]
[Date "2017.04.26"]
[Round "1.17"]
[White "Moro,Antonio Renato Pereira"]
[Black "Goncalves,Davi Sulzbacher"]
[Result "0-1"]
[WhiteElo "1948"]
[BlackElo "2229"]

1.f4 Nf6 2.Nf3 g6 3.e3 Bg7 4.Nc3 d5 5.d4 O-O 6.Bd3 c5 7.b3 Nc6 8.Ne2 cxd4
9.Nexd4 Bg4 10.Bb2 Bxf3 11.Qxf3 Qa5+ 12.c3 e5 13.Nxc6 bxc6 14.e4 exf4 15.O-O
Rfe8 16.Rfe1 Rad8 17.Qxf4 dxe4 18.Bc4 Qc5+ 19.Kh1 Nd5 20.Qg5 Qe7 21.Qxe7 Rxe7
22.Rad1 Ree8 23.Rc1 Nb6 24.Bf1 Rd2 25.Re2 Red8 26.Rce1 Rxb2 27.Rxb2 Bxc3
28.Rbe2 Bxe1 29.Rxe1 f5 30.g3 Kf7 31.a4 Ke6 32.Rc1 Kd6 33.Rd1+ Kc7 34.Rc1 Nd5
35.Bb5 Rd6 36.Kg1 Kb6 37.Bc4 Nf6 38.Rc2 Ng4 39.Re2 Ne5 40.Bg8 Rd8 41.Be6 Nf3+
{#R} 0-1

[Event "Zonal 2.4 2017"]
[Site "Florianopolis BRA"]
[Date "2017.04.26"]
[Round "1.19"]
[White "De Haro,M"]
[Black "Martins,Ca1"]
[Result "0-1"]
[WhiteElo "1925"]
[BlackElo "2217"]

1.c4 f5 2.d4 Nf6 3.Nc3 d6 4.Nf3 g6 5.g3 Bg7 6.Bg2 O-O 7.O-O c6 8.d5 e5 9.dxe6
Bxe6 10.Qa4 Na6 11.Ng5 Bc8 12.Rd1 h6 13.Nf3 g5 14.Qa3 Nc5 15.b4 Nce4 16.Bb2
Qe7 17.Nxe4 fxe4 18.Nd2 d5 19.cxd5 cxd5 20.Rac1 Be6 21.Nb3 Ng4 22.Bxg7 Qxg7
23.Nd4 Bd7 24.f3 exf3 25.exf3 Ne5 26.Rc7 Qf6 27.Qb3 Bc6 28.Nxc6 bxc6 29.Qc2
Rf7 30.Rxf7 Qxf7 31.Qc3 Re8 32.Rf1 Nc4 33.f4 {#R} 0-1

[Event "Zonal 2.4 2017"]
[Site "Florianopolis BRA"]
[Date "2017.04.26"]
[Round "1.20"]
[White "Miguel,G"]
[Black "Jesus Filho,J"]
[Result "1-0"]
[WhiteElo "2216"]
[BlackElo "1909"]

1.e4 e5 2.Nf3 d5 3.exd5 e4 4.Qe2 f5 5.d3 Nf6 6.Nfd2 Be7 7.dxe4 fxe4 8.Nxe4 O-O
9.Nbc3 Bf5 10.Ng3 Bg6 11.Be3 Nbd7 12.O-O-O a6 13.h4 b5 14.h5 Bf7 15.Nf5 Bb4
16.Bd4 Nc5 17.a3 Bxc3 18.Bxc5 Ba5 19.Ne7+ Kh8 20.Nc6 {#r} 1-0

[Event "Zonal 2.4 2017"]
[Site "Florianopolis BRA"]
[Date "2017.04.26"]
[Round "1.22"]
[White "Campelo,L"]
[Black "Almeida,Heidy Jose Moreira De"]
[Result "1-0"]
[WhiteElo "2207"]
[BlackElo "1892"]

1.e4 Nf6 2.e5 Nd5 3.d4 d6 4.c4 Nb6 5.exd6 exd6 6.Nc3 Be7 7.Bd3 Nc6 8.Nge2 O-O
9.O-O Bf6 10.Be3 d5 11.b3 dxc4 12.bxc4 g6 13.Ne4 Bg7 14.d5 f5 15.dxc6 Bxa1
16.Nc5 Be5 17.cxb7 Bxb7 18.Nxb7 Qc8 19.f4 Qxb7 20.fxe5 Rad8 21.Qb3 Qc8 22.c5+
Nd5 23.Bc4 c6 24.Nf4 Kg7 25.Nxd5 cxd5 26.Bxd5 {#r} 1-0

[Event "Zonal 2.4 2017"]
[Site "Florianopolis BRA"]
[Date "2017.04.26"]
[Round "1.24"]
[White "Teixeira,Ri"]
[Black "Serafim Junior,Arnor"]
[Result "1-0"]
[WhiteElo "2205"]
[BlackElo "1855"]

1.e4 c5 2.c3 d5 3.exd5 Qxd5 4.d4 Nc6 5.Nf3 Bg4 6.Be2 e6 7.Na3 cxd4 8.Nb5 Rc8
9.Nbxd4 Nf6 10.h3 Bh5 11.O-O Bc5 12.Nxc6 Qxc6 13.Ne5 Bxe2 14.Qxe2 Qb6 15.Bg5
Ke7 16.Qh5 Rcf8 17.Rad1 h6 18.Rd7+ Ke8 19.Bxf6 gxf6 20.Rxf7 {#r} 1-0

[Event "Zonal 2.4 2017"]
[Site "Florianopolis BRA"]
[Date "2017.04.26"]
[Round "1.25"]
[White "Boabaid,Jorge Alberto Duardes"]
[Black "Gauche,C"]
[Result "0-1"]
[WhiteElo "1852"]
[BlackElo "2197"]

1.e4 c5 2.c3 Nf6 3.e5 Nd5 4.d4 cxd4 5.cxd4 d6 6.Nf3 Nc6 7.Bc4 e6 8.O-O Be7
9.Nc3 Nxc3 10.bxc3 dxe5 11.dxe5 Qxd1 12.Rxd1 Bd7 13.Be3 Rc8 14.Rab1 b6 15.Bb5
Rc7 16.h3 Nb8 17.Bxd7+ Nxd7 18.a4 Bc5 19.Bd4 O-O 20.Ng5 Be7 21.Ne4 Nc5 22.Nd6
Nxa4 23.Nb5 Rc4 24.Nxa7 Nxc3 25.Bxc3 Rxc3 26.Rxb6 Bc5 27.Rb7 Rc2 28.Rf1 f6
29.exf6 Rxf6 30.Rb8+ Kf7 31.Nc6 Bxf2+ 32.Kh1 Bg3 {#R} 0-1

[Event "Zonal 2.4 2017"]
[Site "Florianopolis BRA"]
[Date "2017.04.26"]
[Round "1.28"]
[White "Barreto Junior,Williem Silva"]
[Black "Ribeiro,Allysson"]
[Result "0-1"]
[WhiteElo "2195"]
[BlackElo "1839"]

1.d4 d5 2.c4 Nc6 3.Nc3 Nf6 4.Nf3 Bg4 5.e3 e5 6.dxe5 Nxe5 7.cxd5 Nxf3+ 8.gxf3
Bd7 9.e4 Bb4 10.Qd3 Qe7 11.Be3 O-O 12.O-O-O a5 13.a3 Bxc3 14.Qxc3 b5 15.Bc5
Qd8 16.Bxf8 Qxf8 17.Rg1 Ne8 18.e5 b4 19.Qe3 Qe7 20.f4 Rb8 21.a4 Bxa4 22.b3
Bxb3 23.Qxb3 Qc5+ 24.Qc2 Qb6 25.Bc4 a4 26.Rg3 b3 27.Bxb3 axb3 28.Qb2 Qb4
29.Rd2 Rb5 30.Kd1 Qc4 31.Rdd3 Qxf4 32.Ke2 Qc4 33.Ke1 Qb4+ 34.Kf1 Qc4 35.Kg1
Qc2 36.Rd2 Qxd2 37.Qxd2 b2 38.d6 b1=Q+ 39.Kg2 Qe4+ 40.f3 Qd5 41.Qg5 Qxe5
42.dxc7 Qxg5 {#R} 0-1

[Event "Zonal 2.4 2017"]
[Site "Florianopolis BRA"]
[Date "2017.04.26"]
[Round "1.29"]
[White "Predebon,Eduardo"]
[Black "Madeira,W"]
[Result "0-1"]
[WhiteElo "1829"]
[BlackElo "2189"]

1.e4 c5 2.Nf3 d6 3.d4 cxd4 4.Nxd4 Nf6 5.Nc3 g6 6.Bg5 Bg7 7.Qd2 h6 8.Bh4 g5
9.Bg3 Nh5 10.O-O-O Nc6 11.Nf5 Bxf5 12.exf5 Qa5 13.Qd3 O-O 14.a3 Rfc8 15.Nd5
Re8 16.Qb5 Qxb5 17.Bxb5 Rac8 18.Rhe1 e6 19.fxe6 fxe6 20.Nb4 Nxg3 21.hxg3 d5
22.Kb1 a6 23.Nxc6 bxc6 24.Be2 Rb8 25.b3 Bc3 26.Rh1 Kg7 27.f4 gxf4 28.gxf4 e5
29.Rd3 exf4 30.Rxc3 Rxe2 31.Rxc6 Rxg2 32.Rcxh6 f3 33.R6h2 Rf8 34.Rh7+ Kg6
35.R7h6+ Kg5 36.Rh7 Kf4 37.R7h4+ Rg4 38.R4h3 f2 39.Rf1 Rg1 40.Rh1 Rxf1+ {#R}
0-1

[Event "Zonal 2.4 2017"]
[Site "Florianopolis BRA"]
[Date "2017.04.26"]
[Round "1.31"]
[White "Gomes,Carlos Henrique Caldeira"]
[Black "Freitas,Remulo Aguiar"]
[Result "0-1"]
[WhiteElo "1792"]
[BlackElo "2174"]

1.d4 Nf6 2.c4 e6 3.Nc3 Bb4 4.a3 Bxc3+ 5.bxc3 b6 6.f3 d5 7.Bg5 h6 8.Bh4 Bb7
9.e3 Nbd7 10.Bd3 c5 11.Ne2 Rc8 12.Rc1 a6 13.a4 Qc7 14.Bg3 Qc6 15.cxd5 exd5
16.O-O O-O 17.Re1 Rfe8 18.Bf2 Nf8 19.Ng3 Ne6 20.e4 Nf4 21.Bc2 Qc7 22.e5 Nh7
23.Nf5 Rcd8 24.Qd2 Ne6 25.Nd6 Rxd6 26.exd6 Qxd6 27.Bg3 Qc6 28.Qd3 Nhf8 29.f4
Rc8 30.Re2 b5 31.axb5 axb5 32.Rce1 b4 33.f5 Ba6 34.Rxe6 fxe6 35.Qd1 cxd4
36.Ba4 Qxc3 37.fxe6 Nxe6 38.Rxe6 Bd3 39.Qe1 Be4 40.Bd7 Rd8 41.Re7 d3 42.Qf1
Qc5+ {#R} 0-1

[Event "Zonal 2.4 2017"]
[Site "Florianopolis BRA"]
[Date "2017.04.26"]
[Round "1.35"]
[White "Gomes,Marc"]
[Black "Ribeiro,Matheus Cavalcante"]
[Result "0-1"]
[WhiteElo "1759"]
[BlackElo "2157"]

1.c4 c5 2.Nf3 Nf6 3.Nc3 d5 4.cxd5 Nxd5 5.g3 g6 6.Bg2 Bg7 7.Qb3 Nc7 8.O-O O-O
9.d3 Nc6 10.Ne4 b6 11.Bd2 Be6 12.Qc2 Nb5 13.Nc3 Nbd4 14.Qa4 b5 15.Qd1 Rc8
16.Nxd4 Nxd4 17.e3 Nc6 18.Qe2 b4 19.Nd1 Ne5 20.a3 Nxd3 21.axb4 Bc4 22.Rxa7
Nxf2 23.Qe1 Nd3 24.Qe2 cxb4 25.Be4 Ne5 26.Qe1 f5 27.Bg2 Bxf1 28.Kxf1 Qd3+
29.Qe2 Rfd8 30.Qxd3 Rxd3 31.Ke2 Rc2 32.Ra8+ Kf7 {#R} 0-1

[Event "Zonal 2.4 2017"]
[Site "Florianopolis BRA"]
[Date "2017.04.26"]
[Round "1.37"]
[White "Pereira,Armando Scharlau"]
[Black "Souza,R"]
[Result "0-1"]
[WhiteElo "1725"]
[BlackElo "2154"]

1.d4 Nf6 2.Bf4 g6 3.e3 Bg7 4.Be2 d6 5.h3 O-O 6.Nd2 Nbd7 7.c3 e5 8.Bg5 Re8
9.dxe5 dxe5 10.Ngf3 e4 11.Nd4 Nc5 12.Qc2 Nd3+ 13.Kf1 c5 14.N4b3 c4 15.Nxc4 Qd5
16.Bxf6 Bxf6 17.Ncd2 Bh4 18.Bxd3 exd3 19.Qd1 a5 20.Qf3 Qb5 21.Rb1 Ra6 22.Qf4
Bf6 23.Qc4 Qf5 24.g4 Qe5 25.Qxd3 Be6 26.Qd4 Qb5+ 27.c4 Qc6 28.Qe4 Bxc4+
29.Qxc4 Qxh1+ 30.Ke2 Qxh3 31.Nd4 Qxg4+ {#R} 0-1

[Event "Zonal 2.4 2017"]
[Site "Florianopolis BRA"]
[Date "2017.04.26"]
[Round "1.40"]
[White "Borges,Gu"]
[Black "Abdalla,Umar Mohammad"]
[Result "1-0"]
[WhiteElo "2131"]
[BlackElo "1357"]

1.d4 d5 2.c4 e6 3.Nc3 Nf6 4.cxd5 exd5 5.Bg5 Be7 6.e3 O-O 7.Bd3 h6 8.Bh4 c6
9.Nge2 Be6 10.O-O b6 11.h3 c5 12.Rc1 c4 13.Bb1 Bc8 14.Qc2 g6 15.Bxf6 Bxf6
16.Nf4 Bf5 17.Qe2 Bxb1 18.Rxb1 Bg7 19.Nfxd5 {#r} 1-0

[Event "PSS IM Norm 2017"]
[Site "Johannesburg RSA"]
[Date "2017.04.26"]
[Round "1.2"]
[White "Amonatov,F"]
[Black "Sriram,J"]
[Result "1-0"]
[WhiteElo "2632"]
[BlackElo "2396"]

1.e4 e5 2.Nf3 Nc6 3.Bb5 a6 4.Ba4 Nf6 5.O-O Be7 6.d3 d6 7.c3 O-O 8.Re1 Re8
9.Nbd2 Bf8 10.Nf1 h6 11.Ng3 b5 12.Bc2 d5 13.exd5 Qxd5 14.d4 Bg4 15.Bb3 Qd7
16.h3 Bxf3 17.Qxf3 exd4 18.Bxh6 Na5 19.Bc2 d3 20.Bxd3 gxh6 21.b4 Nc6 22.Qxf6
Bg7 23.Nh5 Bh8 24.Bc2 Rxe1+ 25.Rxe1 Re8 26.Rxe8+ Qxe8 27.Qxh6 {#r} 1-0

[Event "81st ch-BUL 2017"]
[Site "Montana BUL"]
[Date "2017.04.26"]
[Round "3.2"]
[White "Nikolov,Mo"]
[Black "Yordanov,Lachezar"]
[Result "1-0"]
[WhiteElo "2557"]
[BlackElo "2243"]

1.d4 Nf6 2.c4 e6 3.Nf3 Bb4+ 4.Nbd2 O-O 5.a3 Bxd2+ 6.Qxd2 Ne4 7.Qc2 f5 8.g3 d6
9.Bg2 Qe7 10.O-O Nd7 11.b3 Ndf6 12.Ne1 h6 13.Bb2 b6 14.Nd3 Bb7 15.e3 a5 16.a4
Nd7 17.Nf4 Rfe8 18.Rae1 c5 19.d5 exd5 20.Nxd5 Bxd5 21.cxd5 Qg5 22.f3 Nef6
23.Bh3 Ra7 24.f4 Qh5 25.Bxf5 Nf8 26.e4 Rae7 27.Bxf6 gxf6 28.Qd3 Kg7 29.Qb5
{#r} 1-0

[Event "81st ch-BUL 2017"]
[Site "Montana BUL"]
[Date "2017.04.26"]
[Round "3.2"]
[White "Petrov,Vl5"]
[Black "Rusev,K"]
[Result "0-1"]
[WhiteElo "2353"]
[BlackElo "2540"]

1.e4 d6 2.d4 Nf6 3.Nc3 e5 4.Nf3 Nbd7 5.Bc4 Be7 6.O-O Nb6 7.Be2 exd4 8.Nxd4 O-O
9.a4 a5 10.Be3 d5 11.e5 Ne8 12.Nb3 c6 13.Nc5 g6 14.Qd4 Nd7 15.Nd3 Ng7 16.Bg4
f5 17.Bf3 Ne6 18.Bxd5 cxd5 19.Qxd5 Nc5 20.Rad1 Nxd3 21.Qb3 Qe8 22.Rxd3 Qf7
23.Nd5 Bd8 24.Rfd1 Ra6 25.Bb6 Bxb6 26.Nf6+ Kh8 27.Rd7 Bxd7 28.Rxd7 Rd8 29.Qxe6
Rxd7 30.Qxd7 Qxd7 31.Nxd7 Ba7 32.Kf1 Kg7 33.Ke2 Kf7 34.f4 Rc6 35.Kd3 Bg1
36.Nf6 Rxf6 37.exf6 Bxh2 38.Kc4 Bxf4 39.Kb5 Bc7 {#R} 0-1